000 00693nam a2200289Ia 4500
005 20260324131324.0
008 008 260324s9999 xx 000 0 eng d
020 _a9780203961568
037 _aEBOOK
040 _aCRL
040 _beng
040 _cCRL
041 _2eng
041 _aeng
084 _qCRL
100 _aNicola Yelland
_91185079
245 0 _aShift to the Future
245 0 _bRethinking Learning with New Technologies in Education
260 _bTaylor and Francis
260 _c2006
365 _a
365 _b290
856 _uhttp://www.taylorfrancis.com/books/9780203961568
942 _cEBOOK
999 _c1782116
_d1782116